000 00458nam a2200145Ia 4500
008 220204s9999 xx 000 0 und d
082 _a065
_bBUR;1
245 0 _aNew decision making tools for managers: Mathematical programming as an aid in the solving of business problems
260 _aNew York
_bNew American Library
_c1965
650 _aDecision making
650 _aManagement
700 _aBursk, Edward C
700 _aChapman, John F
942 _cBK
999 _c31021
_d31021